NBA Best Power Forwards of All Time - Statistics

General Stats
  • This quiz has been taken 313 times
    284 since last reset
  • The average score is 10 of 15
Answer Stats
Ranking Team Answer % Correct
1 Spurs Tim Duncan
100%
5 Mavericks Dirk Nowitzki
98%
2 Jazz Karl Malone
98%
3 Timberwolves Kevin Garnett
98%
4 Suns Charles Barkley
90%
9 Bulls Dennis Rodman
85%
13 Clippers Blake Griffin
78%
8 Celtics Kevin McHale
78%
6 Hawks Bob Pettit
66%
10 Kings Chris Webber
63%
7 Bullets Elvin Hayes
61%
12 Raptors Chris Bosh
60%
11 Nationals Dolph Schayes
27%
15 Warriors Nate Thurmond
27%
14 76ers Billy Cunningham
18%
No matching quizzes found
Score Distribution
Percent of People with Each Score
Percentile by Number Answered
Your Score History
You have not taken this quiz since the last reset